Power Station Engineering and Economy (Record no. 54043)

MARC details
000 -LEADER
fixed length control field 00765cam a2200265 4500
003 - CONTROL NUMBER IDENTIFIER
control field PK-NaQUE
005 - DATE AND TIME OF LATEST TRANSACTION
control field 20250820083543.0
008 - FIXED-LENGTH DATA ELEMENTS--GENERAL INFORMATION
fixed length control field 250820b ||||| |||| 00| 0 eng d
020 ## - INTERNATIONAL STANDARD BOOK NUMBER
International Standard Book Number 0070995737
020 ## - INTERNATIONAL STANDARD BOOK NUMBER
International Standard Book Number 9780070995734
040 ## - CATALOGING SOURCE
Transcribing agency QUEST
082 ## - DEWEY DECIMAL CLASSIFICATION NUMBER
Classification number 621.19SKR
100 1# - MAIN ENTRY--PERSONAL NAME
Personal name Skrotzki, Bernhardt G. A.
245 10 - TITLE STATEMENT
Title Power Station Engineering and Economy
250 ## - EDITION STATEMENT
Edition statement 2nd ed.
260 ## - PUBLICATION, DISTRIBUTION, ETC. (IMPRINT)
Place of publication, distribution, etc New York:
Name of publisher, distributor, etc McGraw-Hill,
Date of publication, distribution, etc 1960.
300 ## - PHYSICAL DESCRIPTION
Extent 751 p.
Other physical details illus.
650 #0 - SUBJECT ADDED ENTRY--TOPICAL TERM
Topical term or geographic name as entry element Power-plants.
650 #0 - SUBJECT ADDED ENTRY--TOPICAL TERM
Topical term or geographic name as entry element Mechanical engineering
650 #0 - SUBJECT ADDED ENTRY--TOPICAL TERM
Topical term or geographic name as entry element Electric power-plants.
650 #7 - SUBJECT ADDED ENTRY--TOPICAL TERM
Topical term or geographic name as entry element Centrais Geradoras De Energia E Instalacoes
700 1# - ADDED ENTRY--PERSONAL NAME
Personal name Vopat, William A.,
856 ## - ELECTRONIC LOCATION AND ACCESS
Uniform Resource Identifier <a href="http://10.10.170.122:8080/browse/book/27011">http://10.10.170.122:8080/browse/book/27011</a>
Link text Download eBook
942 ## - ADDED ENTRY ELEMENTS (KOHA)
Koha item type Books
Source of classification or shelving scheme Dewey Decimal Classification

No items available.